Statistics for World Map Without 5 Random Countries

Click here to take the quiz!

General Stats

  • This quiz has been taken 95 times
  • The average score is 4 of 5

Answers on the Map

Answers color-coded by a green-red scale on the quiz's map according to % correct below.
 

Answer Stats

Country% Correct
Afghanistan
100%
Algeria
100%
Angola
100%
Argentina
100%
Australia
100%
Azerbaijan
100%
Bahamas
100%
Bangladesh
100%
Belarus
100%
Belgium
100%
Belize
100%
Benin
100%
Bolivia
100%
Bosnia and Herzegovina
100%
Botswana
100%
Brazil
100%
Bulgaria
100%
Burkina Faso
100%
Burundi
100%
Cambodia
100%
Cameroon
100%
Canada
100%
Central African Republic
100%
Chile
100%
China
100%
Colombia
100%
Cuba
100%
Czech Republic
100%
DR Congo
100%
Egypt
100%
Estonia
100%
Eswatini
100%
Ethiopia
100%
Fiji
100%
Finland
100%
France
100%
Georgia
100%
Ghana
100%
Greece
100%
Guatemala
100%
Guinea
100%
Guyana
100%
Honduras
100%
Iceland
100%
India
100%
Iran
100%
Iraq
100%
Israel
100%
Ivory Coast
100%
Jamaica
100%
Japan
100%
Jordan
100%
Kazakhstan
100%
Kenya
100%
Kiribati
100%
Kosovo
100%
Laos
100%
Malaysia
100%
Mali
100%
Marshall Islands
100%
Mauritania
100%
Mexico
100%
Moldova
100%
Mongolia
100%
Mozambique
100%
Myanmar
100%
Nicaragua
100%
Niger
100%
Nigeria
100%
North Korea
100%
Norway
100%
Oman
100%
Pakistan
100%
Palau
100%
Panama
100%
Papua New Guinea
100%
Paraguay
100%
Poland
100%
Romania
100%
Russia
100%
Senegal
100%
Serbia
100%
Sierra Leone
100%
Somalia
100%
South Korea
100%
South Sudan
100%
Spain
100%
Sudan
100%
Suriname
100%
Sweden
100%
Switzerland
100%
Tajikistan
100%
Tanzania
100%
Thailand
100%
Tonga
100%
Tunisia
100%
Turkey
100%
Tuvalu
100%
Uganda
100%
Ukraine
100%
United Kingdom
100%
United States
100%
Uruguay
100%
Zambia
100%
Zimbabwe
100%
Seychelles
83%
New Zealand
80%
Denmark
75%
Taiwan
75%
Cape Verde
67%
Kuwait
67%
Lesotho
67%
Portugal
67%
Sao Tome and Principe
67%
South Africa
67%
Croatia
50%
Ireland
50%
Italy
50%
Latvia
50%
Morocco
50%
Nauru
50%
North Macedonia
50%
Philippines
50%
Slovakia
50%
Sri Lanka
50%
United Arab Emirates
50%
Yemen
50%
Guinea-Bissau
33%
Albania
25%
Mauritius
25%
Armenia
0%
Austria
0%
Chad
0%
Comoros
0%
Costa Rica
0%
Dominican Republic
0%
Ecuador
0%
El Salvador
0%
Equatorial Guinea
0%
Eritrea
0%
FS Micronesia
0%
Gabon
0%
Germany
0%
Haiti
0%
Hungary
0%
Indonesia
0%
Kyrgyzstan
0%
Liberia
0%
Libya
0%
Lithuania
0%
Madagascar
0%
Malawi
0%
Maldives
0%
Malta
0%
Namibia
0%
Nepal
0%
Netherlands
0%
Peru
0%
Republic of the Congo
0%
Rwanda
0%
Samoa
0%
Saudi Arabia
0%
Slovenia
0%
Solomon Islands
0%
Syria
0%
Togo
0%
Turkmenistan
0%
Uzbekistan
0%
Vanuatu
0%
Venezuela
0%
Vietnam
0%

Score Distribution

Percentile by Number Answered

Percent of People with Each Score

Your Score History

You have not taken this quiz